000 00438nam a2200181Ia 4500
008 210210b1945 xxu||||| |||| 00| 0 eng d
041 _aeng
082 _a520/46
100 _aDIMITROFF(George Z)
245 _aTelesopes and accessories
260 _aPhiladelphia
_bThe Blakiston Co.
_c1945
300 _a309
650 _aTelesopes
650 _aaccessories
690 _aAstronomy
700 _aBAKER(James G)
906 _a008031
999 _c126020
_d126020